| 000 | 00414pab a2200157 454500 | ||
|---|---|---|---|
| 008 | 180718b1999 xxu||||| |||| 00| 0 eng d | ||
| 100 | _aYadav, R.S. | ||
| 245 | _aUnited Nations peace keeping in Middle East: a study about India's contribution | ||
| 260 | _c1999 | ||
| 300 | _ap.185-97 | ||
| 362 | _aJul-Dec | ||
| 650 | _aUnited Nations | ||
| 700 | _aBeniwal, Niwas | ||
| 773 | _aISDA Journal | ||
| 909 | _a45178 | ||
| 999 |
_c45178 _d45178 |
||